Szczegóły MARC21

Wielokulturowość i problemy edukacji /

003 -Nazwa inst., której nr kontr. jest w polu 001 [,]
    • @
    • Nazwa instytucji, której n kontrolny jest w polu 001
    • NUKAT
005 -DATA I CZAS OSTATNIEJ MODYFIKACJI [,]
    • @
    • pole kontrolne
    • 20241231113216.0
020 -Międzynarod. znormalizowany nr książki - ISBN [ , ]
    • a
    • Numer ISBN
    • 9788377804339 Find
040 -Instytucja sporządzająca opis [ , ]
    • a
    • Instytucja, która sporządziła opis (NP)
    • KAT U/DB
    • c
    • Instytucja, która sporządziła rekord (NP)
    • KAT U/DB
    • d
    • Instytucja, która zmodyfikowała rekord (P)
    • KAT U/DB WR U/BSs
    • d
    • Instytucja, która zmodyfikowała rekord (P)
    • WR U/ZM
    • d
    • Instytucja, która zmodyfikowała rekord (P)
    • WA 004/ac
    • d
    • Instytucja, która zmodyfikowała rekord (P)
    • KAT U/DB
041 -Język dokumentu [0, ]
    • a
    • Język tekstu (P)
    • polski
    • b
    • Język streszczeń lub abstraktu (P)
    • angielski
942 -Rodzaj dokumentu [ , ]
    • c
    • Rodzaj dokumentu
    • Książka
245 -Strefa tytułu i oznaczenia odpowiedzialności [0,0]
    • a
    • Tytuł
    • Wielokulturowość i problemy edukacji / Find
    • c
    • Pozostałe elementy strefy tytułu i oznaczenia odpowiedzialności (NP)
    • red. nauk. Tadeusz Lewowicki, Aniela Różańska, Gabriela Piechniczek-Ogierman ; Wydział Etnologii i Nauk o Edukacji Uniwersytetu Śląskiego w Katowicach, Wyższa Szkoła Pedagogiczna ZNP w Warszawie, Stowarzyszenie Wspierania Edukacji Międzykulturowej.
260 -Strefa adresu wydawniczego [ , ]
    • a
    • Miejsce wydania (P)
    • Toruń :
    • b
    • Nazwa wydawcy (P)
    • Wydawnictwo Adam Marszałek,
    • c
    • Data wydania (P)
    • cop. 2012.
300 -Strefa opisu fizycznego [ , ]
    • a
    • Określenie formy książki i/lub objętość (NP)
    • 278 s. :
    • b
    • Oznaczenie ilustracji (NP)
    • il. ;
    • c
    • Format (NP)
    • 23 cm.
336 -Typ zawartości [ , ]
    • a
    • Termin opisujący typ zawartości
    • Tekst
    • b
    • Kod określający zawartość
    • txt
    • 2
    • Źródło (terminu i kodu)
    • rdacontent
337 -Typ mediów [ , ]
    • a
    • Tryb odtwarzania
    • Bez urządzenia pośredniczącego
    • b
    • Kod typu mediów
    • n
    • 2
    • Źródło (terminu i kodu)
    • rdamedia
338 -Typ/rodzaj nośnika [ , ]
    • a
    • Hasło opisujące typ nośnika
    • Wolumin
    • b
    • Kod typu nośnika
    • nc
    • 2
    • Źródło (terminu i kodu)
    • rdacarrier
490 -Strefa serii i książki wielotomowej - forma nie do wyszukiwania [1, ]
    • a
    • Tytuł (P)
    • Edukacja Międzykulturowa Find
830 -Hasło dodatkowe serii i opisu książki wielotomowej - tytuł ujednolicony/tytuł [ ,0]
    • a
    • Tytuł ujednolicony/tytuł (NP)
    • Edukacja Międzykulturowa
    • 9
    • KHW
    • 28606
546 -Uwaga dot. języka [ , ]
    • a
    • Uwaga dot. języka
    • Spis treści w jęz. pol. i ang. Streszcz. ang.
080 -Uniwersalna Klasyfikacja Dziesiętna [ , ]
    • 2
    • Identyfikator wydania tablic
    • UDC-P058
    • 9
    • UKD
    • 3816
    • a
    • Symbol klasyfikacji
    • 37.013.43:316.7
    • b
    • Dopowiedzenie
    • Edukacja międzykulturowa.
650 -Hasło przedmiotowe [ ,7]
    • a
    • Hasło przedmiotowe
    • Mniejszości
    • x
    • Określnik rzeczowy
    • edukacja
    • z
    • Określnik geograficzny
    • Europa
    • y
    • Określnik chronologiczny
    • 1990-.
    • 2
    • Źródło terminu
    • kaba
    • 9
    • KHW
    • 371348
650 -Hasło przedmiotowe [ ,7]
    • a
    • Hasło przedmiotowe
    • Edukacja międzykulturowa.
    • 2
    • Źródło terminu
    • kaba
    • 9
    • KHW
    • 107230
650 -Hasło przedmiotowe [ ,7]
    • a
    • Hasło przedmiotowe
    • Komunikacja międzykulturowa
    • z
    • Określnik geograficzny
    • Europa.
    • 2
    • Źródło terminu
    • kaba
    • 9
    • KHW
    • 371347
980 -Symbol UKD [ , ]
    • a
    • UKD
    • 37.013.43:316.7
700 -Hasło dodatkowe - nazwa osobowa [1, ]
    • a
    • Nazwa osobowa (NP)
    • Lewowicki, Tadeusz Find
    • d
    • Daty biograficzne (NP)
    • (1942-2024 ).
    • e
    • Określenie rodzaju współpracy
    • Red.
    • 9
    • KHW
    • 7829
700 -Hasło dodatkowe - nazwa osobowa [1, ]
    • a
    • Nazwa osobowa (NP)
    • Różańska, Aniela. Find
    • e
    • Określenie rodzaju współpracy
    • Red.
    • 9
    • KHW
    • 49880
700 -Hasło dodatkowe - nazwa osobowa [1, ]
    • a
    • Nazwa osobowa (NP)
    • Piechaczek-Ogierman, Gabriela. Find
    • e
    • Określenie rodzaju współpracy
    • Red.
    • 9
    • KHW
    • 49882
710 -Hasło dodatkowe - nazwa ciała zbiorowego [2, ]
    • a
    • Nazwa ciała zbiorowego lub nazwa geograficzna jako pierwszy element (NP)
    • Uniwersytet Śląski (Katowice).
    • b
    • Nazwa jednostki podrzędnej (P)
    • Filia (Cieszyn).
    • b
    • Nazwa jednostki podrzędnej (P)
    • Zakład Etnologii.
    • 9
    • KHW
    • 49881
710 -Hasło dodatkowe - nazwa ciała zbiorowego [2, ]
    • a
    • Nazwa ciała zbiorowego lub nazwa geograficzna jako pierwszy element (NP)
    • Wyższa Szkoła Pedagogiczna Związku Nauczycielstwa Polskiego.
    • 9
    • KHW
    • 28602
710 -Hasło dodatkowe - nazwa ciała zbiorowego [2, ]
    • a
    • Nazwa ciała zbiorowego lub nazwa geograficzna jako pierwszy element (NP)
    • Stowarzyszenie Wspierania Edukacji Międzykulturowej.
    • 9
    • KHW
    • 49883
710 -Hasło dodatkowe - nazwa ciała zbiorowego [2, ]
    • a
    • Nazwa ciała zbiorowego lub nazwa geograficzna jako pierwszy element (NP)
    • Wydawnictwo Adam Marszałek.
    • 4
    • Kod relacji
    • pbl
    • 9
    • KHW
    • 53600
920 -ISBN [ , ]
    • a
    • ISBN
    • 978-83-7780-433-9 Find
Lokalizacja Data inwentaryzacji Status udost. Numer inwentarzowy
BG2012-11-271Z.116618
BNS2012-11-271H.23999